Brzdiace prvky regionálneho rozvoja vo vybraných vinohradníckych obciach malokarpatského regiónu

Bibliographic Details
Main Author: Nováková, Katarína (Author)
Format: Article
Language:Slovak
Subjects:
ISBN: 9788088997351
Source: 1. Trendy regionálneho a miestneho rozvoja na Slovensku 1. Bratislava : Ústav etnológie SAV, 2007 1. S. 199-211 1. 9788088997351
LEADER 01089naa#a2200373#ar4500
001 000093049
003 SVKKK
005 20081208132650.0
008 081208s2007 xo #|0||||||||0|||b|slo
FMT
015 |a SNBRA2008/12 
038 |a SVKKK 
040 |a SVKKK  |b slo  |e AACR2 
041 0 |a slo  |b eng 
044 |a xo  |c SK 
080 |a 634.8  |2 1997 
080 |a 379.834  |x (437.6)  |2 1997 
080 |a 911.373  |2 1997 
100 1 |a Nováková, Katarína  |4 aut 
245 1 0 |a Brzdiace prvky regionálneho rozvoja vo vybraných vinohradníckych obciach malokarpatského regiónu  |c Katarína Nováková 
300 |b Obr. 
504 |a Bibliogr. odkazy 
546 |a Res. angl. 
650 0 4 |a vinohradníctvo  |x vinohradnícka kultúra  |z Malokarpatský región (Slovensko) 
650 0 4 |a vidiecky turizmus  |x podnikanie 
773 0 |t Trendy regionálneho a miestneho rozvoja na Slovensku  |d Bratislava : Ústav etnológie SAV, 2007  |g S. 199-211  |z 9788088997351 
958 |a NB 
958 |a SK 
974 |a Ma 
992 |a RZB 
BAS
852 |a SVKKK  |b BIB 
EXP
998 |a SLO